| 000 | 00815nac a22002171u 4500 | ||
|---|---|---|---|
| 008 | 100920t xxu||||| |||| 00| 0 eng d | ||
| 020 | _a0851126596 | ||
| 082 | _a032.02 | ||
| 100 |
_a20080729 _919549 |
||
| 245 |
_aThe Guinness Book of Answers : _bThe Complete Reference Handbook. |
||
| 250 | _a10 th ed. | ||
| 260 |
_aEnfield : _bGuinness, _c1995 |
||
| 300 |
_a832 p. : _bill., maps ; _c25cm. |
||
| 500 | _adistributer: Al-Ahram | ||
| 500 | _aPrevious ed.: 1993. | ||
| 500 | _aIncludes index. | ||
| 511 | _acatalogued by: wessam | ||
| 650 |
_aEncyclopedias and dictionaries _919550 |
||
| 942 |
_cREFERENCE _k032.02 _2ddc |
||
| 999 |
_c5774 _d5774 |
||